KOHA-Header-6

Economics Today: The Micro View (Record no. 12242)

000 -LEADER
fixed length control field 00330nam a22001457a 4500
020 ## - INTERNATIONAL STANDARD BOOK NUMBER
ISBN 978-0321278982
082 ## - DEWEY DECIMAL CLASSIFICATION NUMBER
Classification number 338.2
100 ## - MAIN ENTRY--AUTHOR NAME
Personal name Roger LeRoy Miller
245 ## - TITLE STATEMENT
Title Economics Today: The Micro View
250 ## - EDITION STATEMENT
Edition statement 13th Edition
260 ## - PUBLICATION, DISTRIBUTION, ETC. (IMPRINT)
Place of publication India
Name of publisher Addison Wesley
Year of publication 2006
300 ## - PHYSICAL DESCRIPTION
Number of Pages 584
650 ## - SUBJECT ADDED ENTRY--TOPICAL TERM
Topical Term Economics
942 ## - ADDED ENTRY ELEMENTS (KOHA)
Koha item type Books
Holdings
Withdrawn status Lost status Permanent Location Current Location Date acquired Full call number Accession Number Koha item type
    MAJU MAJU 2019-12-05 338.2 6033 Books

Powered by Koha